| 000 | 00697nam a2200289Ia 4500 | ||
|---|---|---|---|
| 005 | 20260324115419.0 | ||
| 008 | 008 260324s9999 xx 000 0 eng d | ||
| 020 | _a9780429470196 | ||
| 037 | _aEBOOK | ||
| 040 | _aCRL | ||
| 040 | _beng | ||
| 040 | _cCRL | ||
| 041 | _2eng | ||
| 041 | _aeng | ||
| 084 | _qCRL | ||
| 100 |
_aYuhong He; Qihao Weng _91154570 |
||
| 245 | 0 | _aHigh Spatial Resolution Remote Sensing | |
| 245 | 0 | _bData, Analysis, and Applications | |
| 260 | _bTaylor and Francis | ||
| 260 | _c2018 | ||
| 365 | _a | ||
| 365 | _b465 | ||
| 856 | _uhttp://www.taylorfrancis.com/books/9780429470196 | ||
| 942 | _cEBOOK | ||
| 999 |
_c1745440 _d1745440 |
||